Využitie IKT v predmete informatika

Saved in:
Bibliographic Details
Main Author: Jurčovičová, Jana (Author)
Other Authors: Tóblová, Eva, 1978- (xxx)
Format: Manuscript Book
Published: STU v Bratislave MTF UIPH KIPP, 2010
Tags: Add Tag
No Tags, Be the first to tag this record!

MARC

LEADER 00000ntm a22000003a 4500
001 stu221012
005 20160719160425.9
008 110208s2010----------------------------d
040 |a STU  |b slo 
041 0
100 1 |a Jurčovičová, Jana  |4 aut 
245 1 |a Využitie IKT v predmete informatika 
260 |b STU v Bratislave MTF UIPH KIPP,  |c 2010 
300 |a 64 s 
700 1 |a Tóblová, Eva,  |d 1978-  |4 xxx  |u M220  |U MTF Ústav inžinierskej pedagogiky a humatitných vied  |T MTF Katedra inžinierskej pedagogiky a psychológie  |X 3820  |U M220  |Y M220  |7 A000003820 
996 |c M*ZP-602  |l MMSKP  |s P  |a 0  |w stu221012_0001